LEADER 01005nam0 2200241 450 001 000044197 005 20180222150120.0 010 $a88-203-1384-7 100 $a20180222d1983----km-y0itaa50------ba 101 0 $aita 102 $aIT 200 1 $a<> assicurazione internazionale$eil mercato dei rischi, problemi della domanda e problemi dell'offerta, perchè l'assicurazione italiana è sottosviluppata, l'ambinete macroeconomico, la conduzione dell'impresa, l'assicurazione e il potere, le nuove frontiere$fFabio Padoa 210 $aMilano$cHoepli$d1983 215 $a140 p.$d21 cm 700 1$aPadoa,$bFabio$0246151 801 0$aIT$bUniversità della Basilicata - B.I.A.$gREICAT$2unimarc 912 $a000044197 996 $aAssicurazione internazionale$91532617 997 $aUNIBAS BAS $aLETTERE CAT $aMDL$b30$c20180222$lBAS01$h1501 FMT Z30 -1$lBAS01$LBAS01$mBOOK$1BASA1$APolo Storico-Umanistico$2GEN$BCollezione generale$657301$5L57301$820180222$f04$FPrestabile Didattica